logo

Bir Sreshtho Munshi Abdur Rouf Library
Jhenaidah Cadet College

Word function and dictionary use : (Record no. 8875)

MARC details
000 -LEADER
fixed length control field 00600nam a22002172i 4500
001 - CONTROL NUMBER
JCCL Control Number 8875
003 - CONTROL NUMBER IDENTIFIER
JCCL marc code BD - JhCC
005 - DATE AND TIME OF LATEST TRANSACTION
control field 20180926093304.0
008 - FIXED-LENGTH DATA ELEMENTS--GENERAL INFORMATION
fixed length control field 500101s1965 xxk 000 0 eng d
035 ## - SYSTEM CONTROL NUMBER
system control number (BD - JhCC)8875
040 ## - CATALOGING SOURCE
Original cataloging agency UKM
Transcribing agency UKM
Modifying agency EQO
-- BD - JhCC
041 ## - LANGUAGE CODE
Language code of Book eng
082 ## - DEWEY DECIMAL CLASSIFICATION NUMBER
Classification number 428.24
DDC Edition number 18
Author mark and Year OSM 1965
100 1# - MAIN ENTRY--PERSONAL NAME
Personal name Osman, Neile.
245 10 - TITLE STATEMENT
Title Word function and dictionary use :
Remainder of title a word-book for advanced learners of English /
Statement of responsibility, etc Neile Osman,
260 ## - PUBLICATION, DISTRIBUTION, ETC. (IMPRINT)
Place of publication, distribution, etc Oxford University Press,
Date of publication, distribution, etc 1965
300 ## - PHYSICAL DESCRIPTION
Pagination 187 p. ;
Dimensions 19 cm
650 ## - SUBJECT ADDED ENTRY--TOPICAL TERM
Topical term or geographic name as entry element Vocabulary
942 ## - ADDED ENTRY ELEMENTS (KOHA)
Source of classification or shelving scheme Dewey Decimal Classification
Koha item type Books
Holdings
Source of classification or shelving scheme Damaged status Not for loan Home library Current library Shelving location Total Checkouts Full call number Barcode Date last seen Copy number Koha item type
Dewey Decimal Classification     JCC Rouf Library JCC Rouf Library General Stacks   428.24 OSM 1965 11511 03/05/2018 C - 1 Books

JCC Library | Contacts | JCC Home

Last Update on 23 September 2017
Copyright @ 2017-2020 JCC Rouf Library
Rouf Library, Jhenidah Cadet College (JCC), Bangladesh